Biggest Indian Cities by Decade - Statistics

General Stats
  • This quiz has been taken 1,040 times
  • The average score is 99 of 120
Answer Stats
Population Answer % Correct
1901 214,115 Delhi
99%
1911 237,944 Delhi
99%
1921 304,420 Delhi
99%
1931 447,442 Delhi
99%
1941 695,686 Delhi
99%
1951 1,437,134 Delhi
99%
1961 2,359,508 Delhi
99%
1971 3,647,023 Delhi
99%
1981 5,760,811 Delhi
99%
1991 8,471,625 Delhi
99%
2001 12,895,547 Delhi
99%
2011 16,349,831 Delhi
99%
1901 839,672 Mumbai
99%
1911 1,046,579 Mumbai
99%
1921 1,285,402 Mumbai
99%
1931 1,316,413 Mumbai
99%
1941 1,747,234 Mumbai
99%
1951 3,216,904 Mumbai
99%
1961 4,515,495 Mumbai
99%
1971 6,596,370 Mumbai
99%
1981 9,241,962 Mumbai
99%
1991 12,596,243 Mumbai
99%
2001 16,434,386 Mumbai
99%
2011 18,394,912 Mumbai
99%
1901 1,520,721 Kolkata
98%
1911 1,756,805 Kolkata
98%
1921 1,872,737 Kolkata
98%
1931 2,123,128 Kolkata
98%
1941 3,597,595 Kolkata
98%
1951 4,685,869 Kolkata
98%
1961 6,008,656 Kolkata
98%
1971 7,447,429 Kolkata
98%
1981 9,232,103 Kolkata
98%
1991 11,110,314 Kolkata
98%
2001 13,251,339 Kolkata
98%
2011 14,057,991 Kolkata
98%
1901 594,396 Chennai
93%
1911 604,034 Chennai
93%
1921 627,824 Chennai
93%
1931 774,153 Chennai
93%
1941 930,356 Chennai
93%
1951 1,542,333 Chennai
93%
1961 1,944,502 Chennai
93%
1971 3,155,944 Chennai
93%
1981 4,273,329 Chennai
93%
1991 5,416,903 Chennai
93%
2001 6,686,140 Chennai
93%
2011 8,653,521 Chennai
93%
1951 786,343 Bangalore
90%
1901 448,466 Hyderabad
90%
1911 502,104 Hyderabad
90%
1921 405,630 Hyderabad
90%
1931 466,894 Hyderabad
90%
1941 739,159 Hyderabad
90%
1951 1,135,758 Hyderabad
90%
1961 1,254,941 Hyderabad
90%
1971 1,815,117 Hyderabad
90%
1981 2,607,770 Hyderabad
90%
1991 4,344,437 Hyderabad
90%
2001 5,756,729 Hyderabad
90%
2011 7,677,018 Hyderabad
90%
1911 189,485 Bengaluru
88%
1921 240,054 Bengaluru
88%
1931 309,785 Bengaluru
88%
1941 410,967 Bengaluru
88%
1961 1,206,961 Bengaluru
88%
1971 1,664,208 Bengaluru
88%
1981 2,921,751 Bengaluru
88%
1991 4,137,314 Bengaluru
88%
2001 5,701,446 Bengaluru
88%
2011 8,520,435 Bengaluru
88%
1901 204,753 Ahmedabad
83%
1911 233,339 Ahmedabad
83%
1921 293,213 Ahmedabad
83%
1931 335,842 Ahmedabad
83%
1941 627,009 Ahmedabad
83%
1951 924,564 Ahmedabad
83%
1961 1,265,081 Ahmedabad
83%
1971 1,871,006 Ahmedabad
83%
1981 2,733,952 Ahmedabad
83%
1991 3,631,233 Ahmedabad
83%
2001 4,912,912 Ahmedabad
83%
2011 6,357,693 Ahmedabad
83%
1931 250,187 Pune
79%
1951 608,634 Pune
79%
1961 790,798 Pune
79%
1971 1,135,034 Pune
79%
1981 1,772,186 Pune
79%
1991 2,494987 Pune
79%
2001 3,768,612 Pune
79%
2011 5,057,709 Pune
79%
2011 3,046,163 Jaipur
73%
1901 256,239 Lucknow
68%
1911 252,114 Lucknow
68%
1921 240,566 Lucknow
68%
1931 274,659 Lucknow
68%
1941 387,177 Lucknow
68%
1951 496,861 Lucknow
68%
1961 655,673 Lucknow
68%
1991 1,669,204 Lucknow
68%
1901 188,022 Agra
66%
1911 185,449 Agra
66%
2001 2,820,373 Surat
62%
2011 4,591,246 Surat
62%
1971 866,976 Nagpur
51%
1981 1,219,461 Nagpur
51%
1901 202,797 Kanpur
46%
1921 216,436 Kanpur
46%
1941 487,324 Kanpur
46%
1951 705,383 Kanpur
46%
1961 971,062 Kanpur
46%
1971 1,275,242 Kanpur
46%
1981 1,630,64 Kanpur
46%
1991 2,029,889 Kanpur
46%
2001 2,715,555 Kanpur
46%
1901 226,105 Varanasi
37%
1911 217,012 Varanasi
37%
1921 210,745 Varanasi
37%
1931 264,840 Amritsar
31%
1941 391,010 Amritsar
31%
No matching quizzes found
Score Distribution
Percent of People with Each Score
Percentile by Number Answered
Your Score History
You have not taken this quiz